=LDR 00000nam 2200000 4500 =001 INLIS000000000027919 =005 20130612130247 =008 ***********************************Ind** =035 ##$$a0010-061300000027919 =041 ##$$a Ind =082 ##$$a 510.076 =090 ##$$a 510.076, Jul m =100 ##$$a Juliartawan, Wayan =245 ##$$a Matematika contoh soal dan penyelesaiannya, I Wayan Juliartawan =260 ##$$a 2005 $b Yogyakarta =300 ##$$a xiv, 396 hlm, ilus, 29 cm =650 ##$$a Matematika - Tes Soal dan Penyelesaiannya =850 ##$$a NBPNMAT =990 ##$$a 92009/BPAP-NTB/2014 =990 ##$$a 0001/BPAP-NTB/20142014 =990 ##$$a 0001/BPAP-NTB/20142014 =990 ##$$a 0001/BPAP-NTB/20142014 =990 ##$$a 0001/BPAP-NTB/20142014 =990 ##$$a 0001/BPAP-NTB/20142014 =990 ##$$a 0001/BPAP-NTB/20142014